Japonské strategické myšlení. 2.
Štyri cesty k strategickej výhodnosti a posilneniu pozícií firmy proti konkurencii (stratégie založené na kľúčových faktoroch úspechu, agresívnych iniciatívach..). Preskúmanie trhu. Významné rozdiely medzi ziskovými a stratovými faktormi. Identifikácia kľúčových faktorov úspechu. Mechanizmy relatívn...
Salvato in:
| Natura: | Capitolo di libro |
|---|---|
| Lingua: | ceco |
| Soggetti: | |
| Tags: |
Nessun Tag, puoi essere il primo ad aggiungerne!!
|
MARC
| LEADER | 00000naa a2200000 4500 | ||
|---|---|---|---|
| 001 | r010034 | ||
| 005 | 20220831090644.4 | ||
| 041 | 0 | |a cze | |
| 044 | |a [CS] | ||
| 245 | 1 | 0 | |a Japonské strategické myšlení. 2. |
| 520 | |a Štyri cesty k strategickej výhodnosti a posilneniu pozícií firmy proti konkurencii (stratégie založené na kľúčových faktoroch úspechu, agresívnych iniciatívach..). Preskúmanie trhu. Významné rozdiely medzi ziskovými a stratovými faktormi. Identifikácia kľúčových faktorov úspechu. Mechanizmy relatívnych výhod. Nasadenie agresívnej iniciatívy. Využitie strategicky voľných priestorov. | ||
| 610 | 2 | 0 | |a obchod |
| 610 | 2 | 0 | |a stratégia podniková |
| 610 | 2 | 0 | |a konkurencia |
| 610 | 2 | 0 | |a manažment |
| 610 | 2 | 0 | |a strata |
| 610 | 2 | 0 | |a zisk podnikový |
| 610 | 2 | 0 | |a prieskum trhu |
| 610 | 2 | 0 | |a Japonsko |
| 610 | 2 | 0 | |a myslenie ekonomické |